000 00412nam a22001697a 4500
003 OSt
008 200714b ||||| |||| 00| 0 eng d
020 _a9780192631381
082 _a612 ROM
100 _aRomanes, G.J
245 _aManual of Practical Anatomy: Uppered and Lower Vol-1
250 _a2008
260 _aNY
_bOxford
300 _a263
650 _aHuman Anatomy and Physiology
942 _2ddc
_cBK
999 _c8961
_d8961